Statistics for Countries with NO Airports

Click here to take the quiz!

General Stats

  • This quiz has been taken 101 times
  • The average score is 5 of 5

Answer Stats

Country % Correct
Vatican
100%
Monaco
93%
San Marino
92%
Andorra
89%
Liechtenstein
79%

Score Distribution

Percentile by Number Answered

Percent of People with Each Score

Your Score History

You have not taken this quiz